[Event "Challenge"]
[Site "http://www.queenalice.com/game.php?id=1867397"]
[Date "2025.12.28"]
[Round "-"]
[White "Leanne"]
[Black "ajr"]
[Result "0-1"]
[WhiteElo "1347"]
[BlackElo "1652"]

1. e4 a6 2. Nf3 Nc6 3. g3 e5 4. Bg2 h6 5. d4 d6 6. O-O Nf6 7. d5 Na7 8. Nc3 Bg4
9. Be3 Nb5 10. Nxb5 axb5 11. Qd3 Bxf3 12. Bxf3 c6 13. dxc6 bxc6 14. c4 bxc4 15.
Qxc4 c5 16. Qb5+ Qd7 17. Qxd7+ Kxd7 18. a3 Rb8 19. b4 cxb4 20. axb4 Rxb4 21. Bd2
Rd4 22. Bc3 Rd3 23. Ra7+ Ke6 24. Bxe5 Kxe5 25. Ra5+ Ke6 26. e5 dxe5 27. Be2 Rd7
28. f4 Rd5 29. Rxd5 Nxd5 30. fxe5 Bc5+ 31. Kh1 Rf8 32. Bf3 Kxe5 33. Re1+ Kd6 34.
Rd1 Re8 35. Rxd5+ Kc6 36. Rxc5+ Kxc5 37. Bh5 g6 38. Bxg6 fxg6 39. Kg2 Kd4 40.
Kh3 Ke5 41. Kh4 Kf5 42. g4+ Kf4 43. h3 Re5 44. g5 hxg5# 0-1

[Event "Challenge"]
[Site "http://www.queenalice.com/game.php?id=1867398"]
[Date "2025.12.28"]
[Round "-"]
[White "ajr"]
[Black "Leanne"]
[Result "1-0"]
[WhiteElo "1648"]
[BlackElo "1351"]

1. d4 f5 2. a3 d6 3. Nf3 Nf6 4. Nc3 Ne4 5. e3 e5 6. Bd3 Nc6 7. O-O Bd7 8. dxe5
dxe5 9. h3 Qe7 10. Bxe4 fxe4 11. Nxe4 O-O-O 12. b4 Nd4 13. Nxd4 exd4 14. Qxd4 b6
15. f3 Bb5 16. Rd1 Rxd4 17. Rxd4 Qe5 18. Bd2 Bd6 19. Nxd6+ cxd6 20. f4 Qf6 21.
Bc3 g5 22. Rc4+ Bxc4 23. Bxf6 Re8 24. Kf2 gxf4 25. exf4 Re2+ 26. Kg3 Rxc2 27. f5
Bd5 28. Rg1 Rxg2+ 29. Rxg2 Bxg2 30. Kxg2 d5 31. Bg5 d4 32. f6 d3 33. f7 Kb7 34.
f8=Q Kc6 35. Bf4 Kb5 36. Qg7 Kc4 37. Bd2 b5 38. Qc3+ 1-0

[Event "AUTO-INT-3938"]
[Site "http://www.queenalice.com/game.php?id=1868759"]
[Date "2026.2.2"]
[Round "2"]
[White "ajr"]
[Black "Carlos19"]
[Result "0-1"]
[WhiteElo "1609"]
[BlackElo "1711"]

1. d4 e6 2. a3 c5 3. Nf3 c4 4. e4 b5 5. Nc3 Bb7 6. Qe2 Nf6 7. Bg5 h6 8. Bxf6
gxf6 9. Nxb5 d5 10. e5 fxe5 11. Qxe5 Rg8 12. Nc7+ Ke7 13. Nxa8 Bxa8 14. b4 cxb3
15. cxb3 Nc6 16. Qf4 f5 17. Qh4+ Kd6 18. Qxd8+ Nxd8 19. Kd2 Nc6 20. b4 a5 21. b5
Nd8 22. Kc3 Nb7 23. a4 h5 24. g3 Nd8 25. Ne5 Bh6 26. Rb1 Ke7 27. b6 Bb7 28. Rb5
Ba6 29. Rxa5 Bxf1 30. Rxf1 f4 31. Ra7+ Kf6 32. b7 Nxb7 33. Rxb7 Rc8+ 34. Kb4
Bf8+ 35. Kb3 fxg3 36. fxg3+ Kg5 37. Rf6 Kxf6 38. Nd7+ Kf5 39. Nxf8 Rxf8 40. Re7
Rb8+ 41. Ka3 Rc8 42. Rf7+ Kg6 43. Rf2 Rc4 44. a5 Rxd4 45. a6 Rc4 46. Rb2 Rc6 47.
a7 Ra6+ 0-1

[Event "AUTO-INT-3930"]
[Site "http://www.queenalice.com/game.php?id=1869607"]
[Date "2026.2.22"]
[Round "3"]
[White "zubarev"]
[Black "ajr"]
[Result "1-0"]
[WhiteElo "1680"]
[BlackElo "1615"]

1. e4 e5 2. Nf3 f6 3. Nc3 a6 4. d3 h6 5. Be2 Bb4 6. Bd2 d6 7. O-O Bg4 8. h3 Bxf3
9. Bxf3 Bxc3 10. Bxc3 Nc6 11. Bh5+ Ke7 12. f4 Ke6 13. Qg4+ Ke7 14. Qxg7+ 1-0